书目信息 |
| 题名: |
卡斯特桥市长
|
|
| 作者: | 哈代 , Hardy 原著 ;梅约 , 晓葆 改写 | |
| 分册: | ||
| 出版信息: | 上海 上海译文出版社 1989.3 |
|
| 页数: | 407页 | |
| 开本: | 19cm | |
| 丛书名: | 英汉对照世界文学丛书 | |
| 单 册: | ||
| 中图分类: | H319.5 , H319.4 | |
| 科图分类: | ||
| 主题词: | 长篇小说--英国--近代--对照读物--英、中 | |
| 电子资源: | ||
| ISBN: | 7-5327-0585-4 | |
| 000 | 01162nam2 2200349 45 | |
| 001 | 0189015390 | |
| 005 | 20040511090005.2 | |
| 010 | @a7-5327-0585-4@dCNY3.95 | |
| 020 | @aCN@b89015390 | |
| 100 | @a19910304d1989 m y0chiy0120 ea | |
| 101 | 1 | @achi@ceng |
| 102 | @aCN@b310000 | |
| 105 | @af z 000ay | |
| 106 | @ar | |
| 200 | 10 | @a卡斯特桥市长@Aka si te qiao shi chang@dTHE MAYOR OF CASTERBRIDGE@e简写本@Ejian xie ben@f(英)哈 代(Hardy,T.)原著@F( ying ) ha dai (Hardy,T.) yuan zhu@g(英)梅 约改写@g晓 葆译 |
| 210 | @a上海@c上海译文出版社@d1989.3 | |
| 215 | @a407页@c图@d19cm | |
| 225 | 2 | @a英汉对照世界文学丛书@v第五辑 |
| 300 | @a哈代(1840-1923),英国作家 | |
| 300 | @a改编者原题:L·H·梅约 | |
| 410 | 0 | @120010@a英汉对照世界文学丛书 |
| 510 | 1 | @aTHE MAYOR OF CASTERBRIDGE@zeng |
| 540 | 1 | @a卡斯特桥 市长@Aka si te qiao shi chang |
| 606 | @a长篇小说@y英国@z近代@x对照读物@x英、中 | |
| 690 | @aH319.5@v1980 | |
| 690 | @aH319.4 | |
| 701 | 1 | @a哈代@Aha dai@bT.@4原著 |
| 701 | A1 | @aHardy@bT.@4原著 |
| 702 | 0 | @a梅约@Amei yue@4改写 |
| 702 | 0 | @a晓葆@Axiao bao@4译 |
| 801 | 0 | @aCN@bNLC@c19910304 |
| 905 | @f1@b225311@dH319.4@e411 | |
| 卡斯特桥市长=THE MAYOR OF CASTERBRIDGE:简写本/(英)哈 代(Hardy,T.)原著/(英)梅 约改写/晓 葆译.-上海:上海译文出版社,1989.3 |
| 407页:图;19cm.-(英汉对照世界文学丛书;第五辑) |
| 哈代(1840-1923),英国作家.-改编者原题:L·H·梅约 |
| ISBN 7-5327-0585-4:CNY3.95 |
| ● |
| 相关链接 |
|
|
|
|
正题名:卡斯特桥市长
索取号:H319.4/411
 
预约/预借
| 序号 | 登录号 | 条形码 | 馆藏地/架位号 | 状态 | 备注 |
| 1 | 0062333 | 001421973 | 第四借阅区/ [索取号:H319.4/411] | 在馆 | |
| 2 | 0068885 | 001421991 | 第四借阅区/ [索取号:H319.4/411] | 在馆 | |
| 3 | 0068886 | 001421982 | 第四借阅区/ [索取号:H319.4/411] | 在馆 | |
| 4 | 0225311 | 001142560 | 第四借阅区/ [索取号:H319.4/411] | 在馆 | |
| 5 | 0225312 | 001077792 | 第四借阅区/ [索取号:H319.4/411] | 在馆 | |
| 6 | 0225313 | 001077809 | 第四借阅区/ [索取号:H319.4/411] | 在馆 | |
| 7 | 0225314 | 001142524 | 第四借阅区/ [索取号:H319.4/411] | 在馆 | |
| 8 | 0225315 | 001077783 | 第二样本阅览室/ [索取号:H319.4/411] | 在馆 |